| 000 | 00450nam a22001697a 4500 | ||
|---|---|---|---|
| 005 | 20160517103726.0 | ||
| 008 | 160517b xxu||||| |||| 00| 0 eng d | ||
| 020 | _a10-81-89265-02-4 | ||
| 041 | _aeng | ||
| 082 | _b2469 | ||
| 100 |
_aSimon L. Dolan Tony Lingham _9678 |
||
| 245 | _aFundamentals of international organisation behaviour | ||
| 260 |
_aNew Delhi _bSara book Pvt. Ltd. _c2008 |
||
| 300 | _a361 | ||
| 650 |
_aManagement _9241 |
||
| 942 | _cBK | ||
| 999 |
_c896 _d896 |
||